| 000 | 00845nam a2200265 i 4500 | ||
|---|---|---|---|
| 001 | 10968 | ||
| 003 | ES-MaACL | ||
| 005 | 20230906150012.0 | ||
| 007 | t| | ||
| 008 | 930607s1992 sp a |||| | spa d | ||
| 020 | _a84-7960-030-6 | ||
| 080 | _a(05.055.2)(460)"18" | ||
| 100 | 1 |
_aJiménez Morell, Inmaculada. _966569 |
|
| 245 | 1 | 3 |
_aLa prensa femenina en España _b: (desde sus orígenes a 1868) / _cInmaculada Jiménez Morell. |
| 250 | _a1ª ed. | ||
| 260 |
_aMadrid : _bEdiciones de la Torre, _c1992. |
||
| 300 |
_a212 p : _bil ; _c22 cm. |
||
| 490 | 1 |
_aNuestro mundo ; _v26. Historia |
|
| 500 | _aÍndice. | ||
| 504 | _aBibliografía: p. [187]-212. | ||
| 650 | 1 | 4 |
_aPublicaciones periódicas femeninas- _zEspaña. _9158714 |
| 830 | 0 |
_aNuestro mundo ; _v26. Historia _9178865 |
|
| 852 |
_aES-MaACL _jL-18234 |
||
| 999 |
_c10968 _d10968 |
||